Cómo calcular la remuneración vacacional por días del descanso fraccionado (Registro nro. 22632)
[ vista simple ]
| 000 -Cabecera | |
|---|---|
| Campo de control interno | 01989nam a2200289 4500 |
| 001 - Número de control | |
| control field | ESSALUD |
| 005 - Fecha y hora de la última transacción | |
| Campo de control | 20260703101723.0 |
| 007 - Tipo material - Descripcion fisica - info general | |
| Tipo material - Descripcion fisica - info general | ta |
| 008 - Elementos de Longitud Fija - Información General | |
| Elementos de Longitud Fija - Información | t pe ||||| |||| 00| 0 spa d |
| 040 ## - Origen de la Catalogación | |
| Origen de la Catalogación | BMG |
| 041 ## - Idioma | |
| Idioma | spa |
| 100 ## - Autor | |
| Autor | Tarazana Pineda, Manolo Narciso |
| Rol del Autor | Autor |
| 9 (RLIN) | 53135 |
| 245 ## - Titulo | |
| Titulo | Cómo calcular la remuneración vacacional por días del descanso fraccionado |
| 300 ## - Páginas | |
| Paginación | páginas 207-209 |
| 500 ## - Nota General | |
| Nota General | Cálculos frecuentes |
| 520 ## - Resumen | |
| Resumen | Durante los meses de cierre e inicio de año es habitual que los trabajadores formulen<br/>solicitudes vinculadas al goce del descanso vacacional, ya sea por motivos<br/>personales, familiares o de planificación del tiempo de descanso acumulado. En<br/>este contexto, una de las consultas más recurrentes está relacionada con la posibilidad<br/>de fraccionar las vacaciones y con la correcta determinación de la remuneración<br/>vacacional correspondiente al periodo fraccionado.<br/>El presente caso práctico ha sido elaborado con la finalidad de brindar una orientación<br/>técnica y clara sobre la aplicación del régimen legal del descanso vacacional<br/>fraccionado, conforme a lo dispuesto en el Decreto Legislativo N° 713 y sus normas<br/>modificatorias. A partir de un supuesto frecuente en la práctica laboral, se<br/>desarrolla el sustento normativo del fraccionamiento, se precisan las reglas que<br/>rigen su procedencia y se expone, de manera ordenada y didáctica, el procedimiento<br/>de cálculo de la remuneración vacacional correspondiente a los días efectivamente<br/>gozados. <br/> |
| 650 ## - Temas - Descriptores | |
| Temas - Descriptores | SECTOR PÚBLICO |
| 9 (RLIN) | 1012 |
| 650 ## - Temas - Descriptores | |
| Temas - Descriptores | PRESUPUESTO |
| 650 ## - Temas - Descriptores | |
| Temas - Descriptores | INGRESOS |
| 9 (RLIN) | 53219 |
| 650 ## - Temas - Descriptores | |
| Temas - Descriptores | PLANILLA |
| 9 (RLIN) | 53220 |
| 650 ## - Temas - Descriptores | |
| Temas - Descriptores | VACACIONES PAGADAS |
| 9 (RLIN) | 53249 |
| 650 ## - Temas - Descriptores | |
| Temas - Descriptores | SERVIDORES |
| 9 (RLIN) | 53222 |
| 650 ## - Temas - Descriptores | |
| Temas - Descriptores | FUNCIONARIOS |
| 9 (RLIN) | 53223 |
| 650 ## - Temas - Descriptores | |
| Temas - Descriptores | CONTRATACIÓN |
| 773 0# - Revista (Relacion con el numero) | |
| Host Biblionumber | 22614 |
| Host Itemnumber | 22623 |
| Ciudad, Editorial | Lima Grupo Praxis Formación Profesional, 2026- |
| Codigo barras item/ejemplar | PRALAB001 |
| Titulo de la Revista | Praxis Laboral & Procesal Laboral |
| Número de control de registro | ESSALUD |
| ISSN | 3119-768X |
| 942 ## - Elementos de Koha | |
| Tipo de Documento | Artículos |
| Fecha procesamiento | 2026-07-02 |
| Catalogador | SQB |
No hay ítems disponibles.